You Figure It Out! #6 - Statistics

General Stats
  • This quiz has been taken 38 times
  • The average score is 10 of 10
Answer Stats
SAHARA % Correct
Algeria
100%
Chad
100%
Libya
100%
Morocco
100%
Mali
97%
Tunisia
97%
Egypt
94%
Sudan
94%
Mauritania
91%
Niger
85%
No matching quizzes found
Score Distribution
Percent of People with Each Score
Percentile by Number Answered
Your Score History
You have not taken this quiz